Statistics for Google What's the Difference? #1

Click here to take the quiz!

General Stats

  • This quiz has been taken 42,432 times
  • The average score is 19 of 27

Answer Stats

What's the difference between ...% Correct
Supper and {Dinner}
94%
a Boat and a {Ship}
92%
HIV and {AIDS}
92%
a Tiara and a {Crown}
89%
a Sofa and a {Couch}
88%
a Kilt and a {Skirt}
84%
Cologne and {Perfume}
84%
Climate and {Weather}
83%
TNT and {Dynamite}
79%
a Quiz and a {Test}
77%
a Hatchet and an {Axe}
75%
an Asteroid and a {Meteor}
73%
Cement and {Concrete}
70%
a Freckle and a {Mole}
67%
a Rainforest and a {Jungle}
66%
a Simile and a {Metaphor}
64%
an Ox and a {Cow}
64%
a Warlock and a {Wizard}
62%
Ethics and {Morals}
61%
an Acid and a {Base}
60%
a Rhombus and a {Square}
60%
a Visa and a {Passport}
59%
Manga and {Anime}
57%
a Ninja and a {Samurai}
56%
Shia and {Sunni}
50%
a Levee and a {Dam}
43%
Dusk and {Twilight}
37%

Score Distribution

Percentile by Number Answered

Percent of People with Each Score

Your Score History

You have not taken this quiz